Normal view
MARC view
- العقود -- الوئائق القانونية -- الإنترنت
Entry Topical Term
001 - CONTROL NUMBER
- control field: 50700
003 - CONTROL NUMBER IDENTIFIER
- control field: JO-AjAnu
005 - DATE AND TIME OF LATEST TRANSACTION
- control field: 20230606082339.0
008 - FIXED-LENGTH DATA ELEMENTS
- fixed length control field: 230606|| aca||aabn | a|a d
040 ## - CATALOGING SOURCE
- Original cataloging agency: JO-AjAnu
- Transcribing agency: JO-AjAnu
150 ## - HEADING--TOPICAL TERM
- Topical term or geographic name entry element: العقود -- الوئائق القانونية -- الإنترنت
670 ## - SOURCE DATA FOUND
- Source citation: Work cat.: (JO-AjAnu)25917: الفواعير ، علاء محمد , author 50699, العقود الإلكترونية: التراضي . التعبير عن الإرادة " دراسة مقارنة "